000 00544nam a2200229Ia 4500
003 OSt
005 20220924142824.0
006 a|||||r|||| 00| 0
007 ta
008 ASM
024 _a303423
037 _cTextual
040 _aARTS
_cARTS
_bASM
041 _2ASM
_aASM
082 _aO157xM61x, 158L7
100 _aTagore Rabindranath
245 0 _aSisu sahitya
260 _c1977
650 _aBENGALI LITERATURE
942 _hO157xM61x, 158L7
_cTEXL
_2CC
999 _c452080
_d452080